Un estudio sobre financiamiento de la educación universitaria en Argentina (Registro nro. 31535)

Detalles MARC
000 -LEADER
fixed length control field 00364 a2200109 4500
001 - CONTROL NUMBER
control field ART_30449
005 - DATE AND TIME OF LATEST TRANSACTION
control field 20260410162004.0
008 - FIXED-LENGTH DATA ELEMENTS--GENERAL INFORMATION
fixed length control field 260409a
100 1# - MAIN ENTRY--PERSONAL NAME
Personal name Piffano, Horacio L. P.
245 10 - TITLE STATEMENT
Title Un estudio sobre financiamiento de la educación universitaria en Argentina
773 0# - HOST ITEM ENTRY
Title Boletín Informativo ASAP
Related parts - Nº 21 (oct. 1992)
Record control number REV30391

No hay ítems disponibles.